L'Année biologique / (Record no. 192)

MARC details
000 -LEADER
campo de control de longitud fija 00800nas a2200241 i 4500
001 - NÚMERO DE CONTROL
campo de control 192
003 - IDENTIFICADOR DE NÚMERO DE CONTROL
campo de control ES-MaACL
005 - FECHA Y HORA DE LA ÚLTIMA TRANSACCIÓN
campo de control 20250814011825.0
007 - CAMPO FIJO DE DESCRIPCIÓN FÍSICA--INFORMACIÓN GENERAL
campo de control de longitud fija t|
008 - DATOS DE LONGITUD FIJA--INFORMACIÓN GENERAL
campo de control de longitud fija 950801d18952001fr | | 1 ||re d
022 ## - NÚMERO INTERNACIONAL NORMALIZADO PARA PUBLICACIONES SERIADAS
Número Internacional Normalizado para Publicaciones Seriadas 0003-5017
080 ## - NÚMERO DE LA CLASIFICACIÓN DECIMAL UNIVERSAL
Número de la Clasificación Decimal Universal 44
245 02 - MENCIÓN DEL TÍTULO
Título L'Année biologique /
Mención de responsabilidad, etc. dir. Yves Delage.
260 ## - PUBLICACIÓN, DISTRIBUCIÓN, ETC.
Lugar de publicación, distribución, etc. Paris :
Nombre del editor, distribuidor, etc. Schleicher Fréres,
Fecha de publicación, distribución, etc. 1895-2001 (
Fabricante Firmin Didot et Cie)
300 ## - DESCRIPCIÓN FÍSICA
Extensión 23 v. ;
Dimensiones 25 cm.
310 ## - PERIODICIDAD ACTUAL
Periodicidad actual Anual
362 1# - FECHAS DE PUBLICACIÓN Y/O DESIGNACIÓN SECUENCIAL
Fecha de publicación y/o designación secuencial Année 1-24, 1897 (1895)-1919 ; nouv. sér., t. 1-5, 1920/21-1924/25; 3. sér., t. 1-37, 1925/26-1961; 4. sér., t. 1- jan./fér. 1962-Ceased with: 5. sér., t. 40 (déc. 2001)
650 17 - PUNTO DE ACCESO ADICIONAL DE MATERIA--TÉRMINO DE MATERIA
Término de materia o nombre geográfico como elemento de entrada Biología
Fuente del encabezamiento o término embne
9 (RLIN) 10580
700 1# - ENTRADA AGREGADA--NOMBRE PERSONAL
Nombre de persona Delage, Yves,
Término indicativo de función/relación
9 (RLIN) 43294
852 ## - LOCALIZACIÓN
Ubicación ES-MaACL
Número de control de estantería Hem-193
866 #0 - MENCIÓN TEXTUAL DE FONDOS--UNIDAD BIBLIOGRÁFICA BÁSICA
Fondos 1895-1917,1919.
Holdings
Estatus retirado Estado de pérdida Estado de daño No para préstamo Colección Biblioteca de origen Biblioteca actual Ubicación en estantería Fecha de adquisición Fuente de adquisición Total de préstamos Signatura topográfica completa Código de barras Visto por última vez Precio de reemplazo Tipo de ítem Koha
        Periódicos y Revistas Biblioteca del Ateneo de Madrid Biblioteca del Ateneo de Madrid Depósito 1 17/01/2008     Hem-193 1000193 23/02/2023 23/02/2023 Revista